Hátránykompenzáció az óvodai nevelésben

Elmentve itt :
Bibliográfiai részletek
Szerző: Györgye Melissza
További közreműködők: Havlikné Rácz Andrea (Témavezető)
Dokumentumtípus: Szakdolgozat
Megjelent: 2018
Tárgyszavak:
Online Access:http://diploma.bibl.u-szeged.hu/75227
LEADER 00692nta a2200169 i 4500
001 dipl75227
005 20190627093258.0
008 190627s2018 hu om 0|| zxx d
040 |a SZTE Diploma Repozitórium  |b hun 
041 |a zxx 
100 1 |a Györgye Melissza 
245 1 0 |a Hátránykompenzáció az óvodai nevelésben  |h [elektronikus dokumentum] /  |c Melissza Györgye 
246 1 0 |a Reducing the effects of socio-economic disadvantage in a kindergarten setting  |h [elektronikus dokumentum] 
260 |c 2018 
650 4 |a Pedagógusképzés 
700 2 |a Havlikné Rácz Andrea  |e ths 
856 4 0 |u http://diploma.bibl.u-szeged.hu/id/eprint/75227/1/2018_Gy%C3%B6rgye_Melissza_DLPI06_SZ.pdf  |z Dokumentum-elérés